| 000 | 00669nam a22001937a 4500 | ||
|---|---|---|---|
| 005 | 20251108165924.0 | ||
| 008 | 250721s2000 xx 000 0 ara d | ||
| 082 | 1 | 4 | _a371.332/حيل |
| 100 | 1 | _aالحيلة، محمد محمود | |
| 245 | 1 | 0 | _aتقنيات إنتاج الشفافات التعليمية و إستخدامها و جهاز عرضها في عملية التعلم و التعليم / |
| 250 | _aط2 | ||
| 264 | 1 |
_aعمان : _bدار المسيرة، _c2000. |
|
| 300 | _a320ص | ||
| 650 | 1 | 7 | _aطرق التعلم |
| 650 | 1 | 7 | _aالشفافات التعليمية |
| 650 | 1 | 7 | _aمهارات التلوين |
| 942 |
_2ddc _cBK |
||
| 999 |
_c34881 _d34881 |
||